000 00823nam a22002417a 4500
008 130821s1965 xxu gr eng
040 _aCo-BoUCM
_bspa
041 0 0 _aeng
100 1 _aHerbert, Jean
_d1897-
_9172065
245 1 3 _aAn introduction to Asia
_cJean Herbert; traducido por Manu Banerji.
260 _aNueva York (Estados Unidos)
_bOxford University Press
_c1965
300 _a410 páginas
504 _aIncluye bibliografía.
650 0 4 _aGeografía de Asia
_926499
650 0 4 _aHistoria de Asia
_926507
650 0 4 _aReligión
_xAsia
_923497
651 _aAsia
_vGeografía
_926576
651 _aAsia
_xCivilización
_926576
651 _aAsia
_xHistoria
_951665
651 _aAsia
_xVida social y costumbres
_926576
942 _cLIBRO
_a21
_e1
_mH536
_2DEWEY
_h915.03
999 _c93066
_d93066